[Event "EU-ch Hybrid U16 Girls"]
[Site "Tornelo INT"]
[Date "2021.10.15"]
[Round "3"]
[White "Chuchukova, Stefani"]
[Black "Doll, Rebecca"]
[Result "0-1"]
[WhiteElo "1698"]
[BlackElo "1970"]
[PlyCount "98"]
[EventDate "2021.10.15"]
[EventType "swiss"]
[EventRounds "9"]
[EventCountry "NET"]
[SourceTitle "EXT 2023"]
[Source "ChessBase"]
[SourceDate "2022.10.05"]
[SourceVersion "1"]
[SourceVersionDate "2022.10.05"]
[SourceQuality "1"]
[WhiteTeam "Bulgaria"]
[BlackTeam "Germany"]
[WhiteTeamCountry "BUL"]
[BlackTeamCountry "GER"]

1. d4 Nf6 2. c4 e6 3. Nc3 d5 4. Nf3 Nbd7 5. cxd5 exd5 6. Bg5 c6 7. e3 Be7 8. Bd3 Nh5 9. Bxe7 Qxe7 10. 0-0 g6 11. Rb1 a5 12. a3 Ndf6 13. Ne5 Ng7 14. b4 Bf5 15. Na4 Bxd3 16. Nxd3 Ne4 17. b5 Nd6 18. bxc6 bxc6 19. Ne5 Ne4 20. Nb6 0-0 21. Nxa8 Nc3 22. Qb3 Nxb1 23. Rxb1 Rxa8 24. Qb7 Qxb7 25. Rxb7 c5 26. dxc5 Rc8 27. c6 f6 28. c7 Ne8 29. Nc6 Kf7 30. Nxa5 Nd6 31. Ra7 Nb5 32. Rb7 Nd6 33. Rb8 Rxc7 34. f3 Nc4 35. Nxc4 dxc4 36. Rb2 Ra7 37. Ra2 c3 38. Kf2 Rb7 39. Kg3 Rb2 40. Ra1 c2 41. Rc1 Ke6 42. Kf4 Kd5 43. a4 Kc4 44. a5 Ra2 45. a6 Kd3 46. e4 Rxa6 47. h4 Kd2 48. Rxc2+ Kxc2 49. g4 h6 0-1

[Event "EU-ch Hybrid U16 Girls"]
[Site "Tornelo INT"]
[Date "2021.10.15"]
[Round "8"]
[White "Doll, Rebecca"]
[Black "Carevic, Milica"]
[Result "1-0"]
[WhiteElo "1970"]
[BlackElo "1675"]
[PlyCount "113"]
[EventDate "2021.10.15"]
[EventType "swiss"]
[EventRounds "9"]
[EventCountry "NET"]
[SourceTitle "EXT 2023"]
[Source "ChessBase"]
[SourceDate "2022.10.05"]
[SourceVersion "1"]
[SourceVersionDate "2022.10.05"]
[SourceQuality "1"]
[WhiteTeam "Germany"]
[BlackTeam "Serbia"]
[WhiteTeamCountry "GER"]
[BlackTeamCountry "SRB"]

1. e4 c5 2. Nf3 d6 3. d4 cxd4 4. Nxd4 Nf6 5. Nc3 a6 6. a4 e5 7. Nf3 Be7 8. Bg5 Be6 9. Bxf6 Bxf6 10. Nd5 Bxd5 11. Qxd5 Qc7 12. c3 0-0 13. Rd1 Be7 14. Bc4 Nd7 15. Bb3 Nf6 16. Qd3 Qb6 17. Nd2 Rac8 18. 0-0 Rfd8 19. Rfe1 Qc5 20. Nf3 h6 21. g3 Rb8 22. Re2 b5 23. Nh4 bxa4 24. Bxa4 Rb6 25. Nf5 Bf8 26. b4 Qc7 27. Qf3 Kh7 28. Kg2 Rc8 29. Re3 Qc4 30. Rd2 Ra8 31. Bd1 a5 32. Be2 Qc6 33. bxa5 Rxa5 34. c4 Rb1 35. g4 Raa1 36. Kh3 Rg1 37. Ng3 Rgc1 38. Qf5+ Kg8 39. f4 exf4 40. Qxf4 Nh7 41. Nf5 Ng5+ 42. Kg2 Rg1+ 43. Kf2 Nh3+ 44. Rxh3 Qb6+ 45. Qe3 Qb1 46. Bd3 Qb4 47. Rg3 Rh1 48. Rg2 d5 49. Qe2 Rhe1 50. Qxe1 Rxe1 51. Kxe1 dxc4 52. Bc2 g6 53. Ne3 Bc5 54. Nd5 Qa3 55. Rg3 Qc1+ 56. Bd1 Bf2+ 57. Rxf2 1-0

[Event "EU-ch Hybrid U16 Girls"]
[Site "Tornelo INT"]
[Date "2021.10.15"]
[Round "9"]
[White "Doll, Rebecca"]
[Black "Volovich, Julia"]
[Result "0-1"]
[WhiteElo "1970"]
[BlackElo "1742"]
[PlyCount "58"]
[EventDate "2021.10.15"]
[EventType "swiss"]
[EventRounds "9"]
[EventCountry "NET"]
[SourceTitle "EXT 2023"]
[Source "ChessBase"]
[SourceDate "2022.10.05"]
[SourceVersion "1"]
[SourceVersionDate "2022.10.05"]
[SourceQuality "1"]
[WhiteTeam "Germany"]
[BlackTeam "England"]
[WhiteTeamCountry "GER"]
[BlackTeamCountry "ENG"]

1. e4 e6 2. d4 d5 3. Nd2 Nc6 4. Ngf3 Nf6 5. e5 Nd7 6. Be2 f6 7. exf6 Qxf6 8. Nf1 Bd6 9. Ne3 0-0 10. 0-0 Qg6 11. c4 Nf6 12. c5 Be7 13. Bb5 Nd7 14. Bxc6 bxc6 15. b4 a5 16. bxa5 e5 17. Nxe5 Nxe5 18. dxe5 Bxc5 19. Kh1 Qe4 20. Bb2 Ba6 21. Qc1 Bxe3 22. Qxe3 Qxe3 23. fxe3 Rxf1+ 24. Rxf1 Bxf1 25. Kg1 Bc4 26. Bc3 Kf7 27. a3 Ke6 28. Kf2 Rf8+ 29. Kg3 Rf1 0-1

[Event "EU-ch Hybrid U16 Girls"]
[Site "Tornelo INT"]
[Date "2021.10.15"]
[Round "7"]
[White "Mroz, Lena"]
[Black "Doll, Rebecca"]
[Result "1-0"]
[WhiteElo "1775"]
[BlackElo "1970"]
[PlyCount "113"]
[EventDate "2021.10.15"]
[EventType "swiss"]
[EventRounds "9"]
[EventCountry "NET"]
[SourceTitle "EXT 2023"]
[Source "ChessBase"]
[SourceDate "2022.10.05"]
[SourceVersion "1"]
[SourceVersionDate "2022.10.05"]
[SourceQuality "1"]
[WhiteTeam "Poland"]
[BlackTeam "Germany"]
[WhiteTeamCountry "POL"]
[BlackTeamCountry "GER"]

1. e4 e5 2. Nf3 Nc6 3. d4 exd4 4. Nxd4 Nf6 5. Nxc6 bxc6 6. e5 Qe7 7. Qe2 Nd5 8. c4 Ba6 9. b3 g6 10. f4 Bg7 11. Qf2 Nb6 12. Be2 d6 13. Bb2 0-0 14. 0-0 Nd7 15. Bf3 Bb7 16. exd6 cxd6 17. Bxg7 Kxg7 18. Nc3 Qf6 19. Ne4 Qxf4 20. Qd4+ Ne5 21. g3 Qf5 22. Bg2 Qd7 23. Rad1 Rad8 24. Nxd6 f6 25. Qxa7 Rb8 26. Nf5+ Qxf5 27. Rxf5 gxf5 28. Rd6 Kg6 29. Qc5 Rfe8 30. h4 Ra8 31. a4 Re7 32. h5+ Kg7 33. Rd8 Rf7 34. Rxa8 Bxa8 35. Qe3 Rd7 36. Bh3 Rd1+ 37. Kf2 c5 38. Bxf5 Rd4 39. b4 Rxc4 40. bxc5 Rxa4 41. h6+ Kf8 42. Qb3 Bc6 43. Qb8+ Be8 44. Qd6+ Kf7 45. Qe6+ Kf8 46. Qxf6+ Nf7 47. Bxh7 Ra2+ 48. Kg1 Rd2 49. Bg6 Rd1+ 50. Kf2 Rd2+ 51. Ke3 Rg2 52. h7 Rxg3+ 53. Kf2 Rh3 54. Bxf7 Rh2+ 55. Kg3 Bxf7 56. Kxh2 Ke8 57. h8Q+ 1-0